000 00836nam a22002297a 4500
999 _c999
_d999
003 AR-CdUCM
008 190226b ||||| |||| 00| 0 spa d
040 _aMUNICIPALIDAD PROVINCIAL DEL CUSCO
_cBIBLIOTECA MUNICIPAL DEL CUSCO
082 _22da /
_a951 /
_bC29
100 _aCarnero Checa, Genaro
_92353
245 _aCorea :
_bArroz y acero /
260 _aPerú :
_bEdiciones Siglo XX ;
_c1975.
300 _a279 páginas
_bilustraciones, fotografías
_c19cm
505 _aUn Estado socialista Industrial -- Educación, arte y periodismo -- Teoría, partido y líder -- La reunificación de la patria --El Kimilsunismo
650 _aproceso revolucionario
_93890
650 _aguerrillas
_93891
650 _aguerra
_91007
650 _apolítica
_9291
650 _aCorea
_91036
942 _2ddc
_cLIBROS
945 _anom
_d2019-02-26